000 00313nam a2200133Ia 4500
008 240624s9999 xx 000 0 und d
041 _aeng
082 _a891.46 DES
100 _aDESHPANDE P L
245 _aAAPULKI
260 _c2007
_aMumbai
_bMouj Prakashan
300 _a139 : p. : cm. ; 21
365 _cRS
_b20
999 _c14351
_d14351